000 00672nam a22002177a 4500
003 OSt
005 20250719032521.0
008 250719b |||||||| |||| 00| 0 eng d
020 _a9789812533364
040 _aDWCL-Main lib
_cOC
082 _aCirc. 629.8 N724c 2011
100 _aNise, Norman S.
245 _aControl systems engineering/
_cNorman S. Nise
250 _aSixth edition.
260 _aHoboken, N.J.
_bWiley,
_c c2011.
300 _axvi, 926 pages :
_billustrations ;
_c23 cm.
504 _aIncludes bibliography, glossary
650 _a1. Automatic control.
650 _a2. Systems engineering.
942 _2ddc
_cBK-CIRC
_eSixth edition.
_kCirc.
_n0
999 _c3786
_d3786